000
00310nam a22001337a 4500
008
171106b xxu||||| |||| 00| 0 eng d
020
_a
9780070054141
041
_a
eng
080
_2
3RD
_a
330.722.6
100
_a
62
101
_a
KON
245
_a
ADVANCED FINANCIAL ACCOUNTING
_c
BAKER,R.E
942
_2
udc
_c
BK
999
_c
37909
_d
37909